[Event "27th Kavala Open 2018"]
[Site "Kavala"]
[Date "2018.08.10"]
[Round "8"]
[White "Avramidou, Anastasia"]
[Black "Hasangatin, Ramil"]
[Result "0-1"]
[WhiteElo "2271"]
[BlackElo "2491"]
[Annotator "ChessBase"]
[PlyCount "76"]
[EventDate "2018.08.05"]
[EventType "swiss"]
[EventCountry "GRE"]
[SourceTitle "playchess.com"]
[Source "ChessBase"]
[SourceQuality "1"]
[TimeControl "40/5400+30:900+30"]

1. d4 {[%emt 0:00:03]} d6 {[%emt 0:02:01]} 2. Nf3 {[%emt 0:00:11]} Nf6 {[%emt 0:01:13]} 3. c4 {[%emt 0:00:31]} g6 {[%emt 0:00:08]} 4. e3 {[%emt 0:00:04]} Bg7 {[%emt 0:02:45]} 5. Nc3 {[%emt 0:03:02]} O-O {[%emt 0:00:12]} 6. Be2 {[%emt 0:00:07]} Nbd7 {[%emt 0:01:35]} 7. O-O {[%emt 0:00:06]} e5 {[%emt 0:00:21]} 8. Qc2 {[%emt 0:00:08]} Re8 {[%emt 0:00:42]} 9. Rd1 {[%emt 0:00:11]} e4 {[%emt 0:04:03]} 10. Nd2 {[%emt 0:00:10]} Qe7 {[%emt 0:00:01]} 11. b4 {[%emt 0:00:29]} Nf8 {[%emt 0:01:47]} 12. Nb3 {[%emt 0:00:48]} h5 {[%emt 0:00:59]} 13. h3 {[%emt 0:02:35]} N8h7 {[%emt 0:03:20]} 14. Bb2 {[%emt 0:10:01]} Ng5 {[%emt 0:03:09]} 15. Bf1 {[%emt 0:00:11]} Bf5 {[%emt 0:03:46]} 16. Kh2 {[%emt 0:31:42]} c6 {[%emt 0:18:35]} 17. Ne2 {[%emt 0:15:19]} d5 {[%emt 0:07:51]} 18. Nf4 {[%emt 0:00:53]} Qd6 {[%emt 0:01:47]} 19. Kh1 {[%emt 0:09:33]} Rac8 {[%emt 0:01:02]} 20. Rac1 {[%emt 0:04:18]} dxc4 {[%emt 0:15:50]} 21. Qxc4 {[%emt 0:00:23]} b6 {[%emt 0:02:06]} 22. b5 {[%emt 0:03:11]} Nd5 {[%emt 0:00:08]} 23. h4 {[%emt 0:09:38]} Nf3 {[%emt 0:02:31]} 24. gxf3 {[%emt 0:03:58]} Nxf4 {[%emt 0:00:19]} 25. exf4 {[%emt 0:00:34]} Qxf4 {[%emt 0:00:35]} 26. Rc3 {[%emt 0:00:21]} c5 {[%emt 0:04:51]} 27. Qd5 {[%emt 0:02:45]} Rcd8 {[%emt 0:00:43]} 28. Qc6 {[%emt 0:01:27]} cxd4 {[%emt 0:00:19]} 29. Bc1 {[%emt 0:00:38]} Qxh4+ {[%emt 0:00:24]} 30. Kg1 {[%emt 0:00:03]} dxc3 {[%emt 0:00:32]} 31. Rxd8 {[%emt 0:00:16]} Qxd8 {[%emt 0:00:25]} 32. Bf4 {[%emt 0:00:41]} exf3 {[%emt 0:01:53]} 33. Qxf3 {[%emt 0:00:28]} Re1 {[%emt 0:01:00]} 34. Nc1 {[%emt 0:00:56]} Qd1 {[%emt 0:01:42]} 35. Qxd1 {[%emt 0:01:13]} Rxd1 {[%emt 0:00:10]} 36. Kg2 {[%emt 0:00:06]} Be4+ {[%emt 0:00:27]} 37. f3 {[%emt 0:00:24]} Bxf3+ {[%emt 0:00:10]} 38. Kf2 {[%emt 0:00:04]} Bd4+ {[%emt 0:00:14]} 0-1

[Event "27th Kavala Open 2018"]
[Site "Kavala"]
[Date "2018.08.10"]
[Round "8"]
[White "Grigoriadis, Mihail"]
[Black "Kourkoulos Arditis, Stamatis"]
[Result "0-1"]
[WhiteElo "2230"]
[BlackElo "2433"]
[Annotator "NA"]
[PlyCount "64"]
[EventDate "2018.08.05"]
[EventType "swiss"]
[EventCountry "GRE"]
[SourceTitle "playchess.com"]
[Source "ChessBase"]
[SourceQuality "1"]
[TimeControl "40/5400+30:900+30"]

1. e4 {[%emt 0:12:52]} e6 {[%emt 0:01:31]} 2. d4 {[%emt 0:00:41]} d5 {[%emt 0:00:05]} 3. Nc3 {[%emt 0:00:03]} Bb4 {[%emt 0:00:04]} 4. e5 {[%emt 0:00:03]} c5 {[%emt 0:00:04]} 5. Bd2 {[%emt 0:00:03]} Ne7 {[%emt 0:00:10]} 6. a3 {[%emt 0:00:27]} Bxc3 {[%emt 0:00:05]} 7. Bxc3 {[%emt 0:00:03]} b6 {[%emt 0:06:38]} 8. Nf3 {[%emt 0:00:06]} Ba6 {[%emt 0:05:48]} 9. Bxa6 {[%emt 0:00:09]} Nxa6 {[%emt 0:00:03]} 10. h4 {[%emt 0:00:08]} Qd7 {[%emt 0:03:45]} 11. h5 {[%emt 0:03:59]} h6 {[%emt 0:00:05]} 12. Qe2 {[%emt 0:11:54]} Nb8 {[%emt 0:10:02]} 13. g4 {[%emt 0:03:20]} Nbc6 {[%emt 0:01:34]} 14. Qe3 {[%emt 0:06:59]} O-O-O {[%emt 0:11:25]} 15. O-O-O {[%emt 0:07:29]} c4 {[%emt 0:02:03]} 16. b4 {[%emt 0:14:54]} a6 {[%emt 0:09:24]} 17. Nh4 {[%emt 0:03:53]} Na7 {[%emt 0:02:33]} 18. f4 {[%emt 0:00:25]} Qa4 {[%emt 0:00:17]} 19. Kd2 {[%emt 0:00:55]} Nb5 {[%emt 0:00:23]} 20. Ra1 {[%emt 0:01:41]} Nc6 {[%emt 0:00:28]} 21. Nf3 {[%emt 0:11:33]} Kb7 {[%emt 0:04:13]} 22. Rhb1 {[%emt 0:04:38]} f6 {[%emt 0:02:43]} 23. exf6 {[%emt 0:11:04]} gxf6 {[%emt 0:00:27]} 24. Bb2 {[%emt 0:03:38]} e5 {[%emt 0:07:49]} 25. fxe5 {[%emt 0:00:06]} fxe5 {[%emt 0:00:03]} 26. Nxe5 {[%emt 0:00:13]} Nxe5 {[%emt 0:00:06]} 27. Qxe5 {[%emt 0:00:42]} c3+ {[%emt 0:00:12]} 28. Bxc3 {[%emt 0:00:50]} Nxc3 {[%emt 0:00:04]} 29. Rf1 {[%emt 0:00:47]} Ne4+ {[%emt 0:00:21]} 30. Kd1 {[%emt 0:00:16]} Rh7 {[%emt 0:00:14]} 31. Qe6 {[%emt 0:00:30]} Rc7 {[%emt 0:00:16]} 32. Rc1 {[%emt 0:00:24]} Qxa3 {[%emt 0:00:46]} 0-1

[Event "27th Kavala Open 2018"]
[Site "Kavala"]
[Date "2018.08.10"]
[Round "8"]
[White "Tsakiris, Haralambos"]
[Black "Nevednichy, Vladislav"]
[Result "1/2-1/2"]
[WhiteElo "2228"]
[BlackElo "2550"]
[Annotator "TA"]
[PlyCount "44"]
[EventDate "2018.08.05"]
[EventType "swiss"]
[EventCountry "GRE"]
[SourceTitle "playchess.com"]
[Source "ChessBase"]
[SourceQuality "1"]

{[%evp 20,21,0,14]} 1. d4 Nf6 2. c4 e6 3. Nc3 Bb4 4. e3 d5 5. Nf3 O-O 6. Bd3 c5 7. O-O cxd4 8. exd4 dxc4 9. Bxc4 b6 10. Bg5 Bb7 11. Qe2 {Predecessor:} Bxc3 $146 12. bxc3 Nbd7 13. Bd3 Qc7 14. c4 Ng4 15. Be4 Bxe4 16. Qxe4 Ngf6 17. Qd3 Rac8 18. Rfc1 Rfe8 19. Qb1 h6 20. Bxf6 Nxf6 21. a4 Red8 22. a5 bxa5 {½-½ (44) Korobov,A (2711)-Yu,Y (2749) Khanty-Mansiysk 2017} 1/2-1/2

[Event "27th Kavala Open 2018"]
[Site "Kavala"]
[Date "2018.08.10"]
[Round "8"]
[White "Isaakidis, Alexandros"]
[Black "Neelotpal, Das"]
[Result "1-0"]
[WhiteElo "2137"]
[BlackElo "2429"]
[Annotator "TA"]
[PlyCount "130"]
[EventDate "2018.08.05"]
[EventType "swiss"]
[EventCountry "GRE"]
[SourceTitle "playchess.com"]
[Source "ChessBase"]
[SourceQuality "1"]

{[%evp 32,130,16,22,22,0,0,0,0,0,0,-20,-6,-16,0,-16,-16,-69,-64,-64,0,0,0,0,0,0,-7,0,0,0,11,0,0,-35,-2,-45,-52,-117,-27,-122,-122,-122,-122,-134,-148,-128,-125,-316,-272,-278,-240,-334,-321,-331,-263,-290,-260,-245,-249,-252,-245,-263,-263,-263,-263,-263,-256,-252,-250,-244,-244,-256,-249,-249,-249,-249,-248,-332,-240,-309,-240,-385,-260,-426,-425,-356,-387,-390,-354,-575,-584,-570,-562,-553,-522,-1407,-1407,-12840,-12840,-29991,-29992]} 1. e4 e5 2. Nf3 Nc6 3. Bb5 a6 4. Ba4 Nf6 5. O-O Be7 6. Re1 b5 7. Bb3 O-O 8. c3 d6 9. d4 Bg4 10. Be3 exd4 11. cxd4 Na5 12. Bc2 Nc4 13. Bc1 c5 14. b3 Nb6 15. Nbd2 Nfd7 16. h3 {C91: Closed Ruy Lopez: 7...d6 8 c3 0-0 9 d4} Bh5 17. a4 {[#] LiveBook: 9 Games} Rc8 $146 ({Predecessor:} 17... bxa4 18. bxa4 a5 19. g4 Bg6 20. d5 h5 21. Nf1 hxg4 22. hxg4 Re8 23. Ng3 Rb8 {1-0 (34) Idani,P (2566)-Lorparizangeneh,S (2507) Sari 2017}) 18. a5 {Black must now prevent g4.The position is equal.} Na8 {[%cal Bb6a8,Ba8c7,Bc7d5,Bd5c3,Bc3d1][%mdl 32]} 19. Bb2 Nc7 20. Qb1 Bg6 21. d5 Bf6 22. Nf1 Re8 23. Ng3 b4 24. Nd2 {[#]} (24. Bxf6 $11 Nxf6 25. Qb2) 24... Nxd5 $1 $15 {[%mdl 512] And now ...Nc3 would win.} 25. Nc4 $1 (25. exd5 Rxe1+) 25... Qc7 (25... Re6 $15 26. Ne2 Nc3 27. Bxc3 Bxc3 28. Nxc3 bxc3) 26. Rd1 $11 Bxb2 27. Qxb2 Nc3 28. Nxd6 Nxd1 29. Rxd1 Nb8 30. h4 {h5 is the strong threat.} h6 31. h5 Bh7 32. Rd3 Nc6 33. Nxc8 (33. Rd5 {looks sharper.} Nd4 34. Nxc8 Rxc8 35. Bd3 Rd8 36. Bxa6 Ra8 37. Bf1) 33... Rxc8 34. Bd1 (34. Rd5 $15) 34... Re8 ({Black should try} 34... Nd4 $17 35. Qa2 Re8) 35. Qc2 {[#]} (35. Rd5 $11 {remains equal.}) 35... Rxe4 $1 $17 ({Don't play} 35... Qxa5 $6 36. Rd5 $15) ({Reject} 35... Nxa5 $6 36. Qd2 $11) 36. Nxe4 Bxe4 37. Qe2 Bxd3 38. Qxd3 Qxa5 {Strongly threatening ...Nd4.} 39. Bc2 $2 (39. Qe4 $17 Qd8 40. Be2) 39... Qa1+ 40. Bb1 Qd4 41. Qf5 Nd8 42. Be4 Kf8 43. g3 Ke7 44. Bd3 a5 45. Qf3 Ne6 46. Qb7+ Qd7 47. Qa6 Qd5 48. Bc4 Qxh5 49. Qxa5 Qe5 50. Qa8 g6 51. Qc8 Qe1+ 52. Kg2 Qe4+ 53. Kg1 {White hopes to continue with Bxe6.} Qd4 54. Qg8 Ng5 55. Qc8 Qd6 56. Qh8 (56. Kg2 {is a better defense.}) 56... h5 57. Qc8 $2 (57. Qa8 {keeps fighting.}) 57... Nf3+ $19 58. Kg2 {Threatens to win with Qb7+.} Ne5 59. Bb5 Qd5+ 60. Kg1 $2 (60. Kf1 {only move.}) 60... Nf3+ 61. Kf1 Nd4 {[%cal Rd5h1]} 62. Qe8+ Kf6 {[%cal Rd5h1]} 63. Qh8+ Kg5 {[%cal Rd5h1]} 64. f4+ Kg4 {( -> ...Qf3+)} 65. Qf6 Qf3+ {[%mdl 32768] Precision: White = 35%, Black = 71%. . Loss on Time!?} 1-0

[Event "27th Kavala Open 2018"]
[Site "Kavala"]
[Date "2018.08.11"]
[Round "9"]
[White "Nevednichy, Vladislav"]
[Black "Stathopoulos, Ioannis"]
[Result "1-0"]
[WhiteElo "2550"]
[BlackElo "2325"]
[Annotator "ChessBase"]
[PlyCount "46"]
[EventDate "2018.08.06"]
[EventType "swiss"]
[EventCountry "GRE"]
[SourceTitle "playchess.com"]
[Source "ChessBase"]
[SourceQuality "1"]
[TimeControl "40/5400+30:900+30"]

1. e4 {[%emt 0:00:09]} c5 {[%emt 0:00:04]} 2. Nf3 {[%emt 0:00:27]} d6 {[%emt 0:00:01]} 3. Bb5+ {[%emt 0:00:47]} Nc6 {[%emt 0:00:27]} 4. O-O {[%emt 0:00:30]} Bd7 {[%emt 0:00:15]} 5. Re1 {[%emt 0:02:14]} Nf6 {[%emt 0:00:12]} 6. c3 {[%emt 0:00:46]} a6 {[%emt 0:00:05]} 7. Bc4 {[%emt 0:01:30]} Bg4 {[%emt 0:01:35]} 8. d4 {[%emt 0:00:06]} cxd4 {[%emt 0:08:00]} 9. cxd4 {[%emt 0:00:28]} e5 {[%emt 0:00:13]} 10. Be3 {[%emt 0:08:13]} Be7 {[%emt 0:07:27]} 11. d5 {[%emt 0:04:50]} Nb8 {[%emt 0:03:53]} 12. Nbd2 {[%emt 0:01:26]} Nbd7 {[%emt 0:08:53]} 13. a4 {[%emt 0:03:32]} a5 {[%emt 0:02:09]} 14. h3 {[%emt 0:00:58]} Bh5 {[%emt 0:00:11]} 15. Bd3 {[%emt 0:03:54]} b6 {[%emt 0:00:52]} 16. Qb1 {[%emt 0:14:55]} Bg6 {[%emt 0:06:28]} 17. Ra3 {[%emt 0:10:23]} Nc5 {[%emt 0:00:23]} 18. Bb5+ {[%emt 0:02:13]} Nfd7 {[%emt 0:00:08]} 19. Bxc5 {[%emt 0:05:08]} bxc5 {[%emt 0:00:17]} 20. Nc4 {[%emt 0:00:24]} O-O {[%emt 0:00:19]} 21. Bxd7 {[%emt 0:00:14]} Qxd7 {[%emt 0:00:18]} 22. Nb6 {[%emt 0:00:07]} Qb7 {[%emt 0:00:07]} 23. Nxa8 {[%emt 0:00:05]} Rxa8 {[%emt 0:00:04]} 1-0

[Event "27th Kavala Open 2018"]
[Site "Kavala"]
[Date "2018.08.11"]
[Round "9"]
[White "Theodorou, Nikolas"]
[Black "Plat, Vojtech"]
[Result "1/2-1/2"]
[WhiteElo "2532"]
[BlackElo "2524"]
[Annotator "ChessBase"]
[PlyCount "89"]
[EventDate "2018.08.06"]
[EventType "swiss"]
[EventCountry "GRE"]
[SourceTitle "playchess.com"]
[Source "ChessBase"]
[SourceQuality "1"]
[TimeControl "40/5400+30:900+30"]

1. d4 {[%emt 0:00:04]} Nf6 {[%emt 0:00:20]} 2. Nc3 {[%emt 0:00:19]} d6 {[%emt 0:00:06]} 3. Nf3 {[%emt 0:04:30]} Bf5 {[%emt 0:00:07]} 4. Bf4 {[%emt 0:16:51]} e6 {[%emt 0:01:41]} 5. e3 {[%emt 0:00:35]} Nbd7 {[%emt 0:02:10]} 6. Bd3 {[%emt 0:02:31]} Bg6 {[%emt 0:01:19]} 7. Bxg6 {[%emt 0:02:18]} hxg6 {[%emt 0:00:05]} 8. e4 {[%emt 0:05:01]} c6 {[%emt 0:00:09]} 9. Qd3 {[%emt 0:03:04]} Qa5 {[%emt 0:01:30]} 10. Bd2 {[%emt 0:06:20]} Qa6 {[%emt 0:06:18]} 11. Qxa6 {[%emt 0:01:07]} bxa6 {[%emt 0:00:01]} 12. O-O-O {[%emt 0:11:08]} d5 {[%emt 0:00:27]} 13. h3 {[%emt 0:09:59]} Bb4 {[%emt 0:02:39]} 14. e5 {[%emt 0:00:37]} Bxc3 {[%emt 0:00:05]} 15. Bxc3 {[%emt 0:00:02]} Ne4 {[%emt 0:00:08]} 16. Be1 {[%emt 0:00:02]} c5 {[%emt 0:03:05]} 17. dxc5 {[%emt 0:00:50]} Nexc5 {[%emt 0:00:23]} 18. Bb4 {[%emt 0:07:39]} Rc8 {[%emt 0:02:05]} 19. Rhe1 {[%emt 0:01:15]} Rh5 {[%emt 0:06:15]} 20. Bc3 {[%emt 0:02:51]} Ke7 {[%emt 0:08:21]} 21. Bd4 {[%emt 0:04:18]} Rhh8 {[%emt 0:01:02]} 22. Re3 {[%emt 0:00:43]} Rc6 {[%emt 0:00:18]} 23. Ra3 {[%emt 0:01:25]} Rb8 {[%emt 0:01:41]} 24. Be3 {[%emt 0:03:14]} Rc7 {[%emt 0:02:47]} 25. Rd4 {[%emt 0:02:59]} Rbc8 {[%emt 0:03:48]} 26. Rh4 {[%emt 0:03:02]} Ne4 {[%emt 0:01:09]} 27. c3 {[%emt 0:00:29]} Ndc5 {[%emt 0:16:41]} 28. Kc2 {[%emt 0:00:43]} Rb7 {[%emt 0:01:23]} 29. Rh7 {[%emt 0:04:44]} Rcb8 {[%emt 0:03:53]} 30. b4 {[%emt 0:00:02]} Nd7 {[%emt 0:00:05]} 31. Rxg7 {[%emt 0:00:57]} a5 {[%emt 0:01:05]} 32. Rxa5 {[%emt 0:01:02]} Rc7 {[%emt 0:01:17]} 33. Ra3 {[%emt 0:03:15]} Rxb4 {[%emt 0:00:16]} 34. Rg8 {[%emt 0:00:18]} Rbc4 {[%emt 0:05:49]} 35. Bd4 {[%emt 0:00:01]} Nb6 {[%emt 0:01:04]} 36. Rb8 {[%emt 0:02:04]} Na4 {[%emt 0:00:04]} 37. Rbb3 {[%emt 0:00:09]} a5 {[%emt 0:01:17]} 38. h4 {[%emt 0:00:28]} Kf8 {[%emt 0:02:22]} 39. g3 {[%emt 0:00:28]} Kg7 {[%emt 0:00:22]} 40. g4 {[%emt 0:00:00]} Kh7 {[%emt 0:00:00]} 41. Kd3 {[%emt 0:06:27]} Nac5+ {[%emt 0:01:32]} 42. Ke3 {[%emt 0:04:06]} Nxb3 {[%emt 0:01:01]} 43. axb3 {[%emt 0:00:02]} Rxc3+ {[%emt 0:00:07]} 44. Bxc3 {[%emt 0:00:10]} Rxc3+ {[%emt 0:00:01]} 45. Ke2 {[%emt 0:01:22]} 1/2-1/2

[Event "27th Kavala Open 2018"]
[Site "Kavala"]
[Date "2018.08.11"]
[Round "9"]
[White "Kelires, Andreas"]
[Black "Lin, Chen"]
[Result "0-1"]
[WhiteElo "2531"]
[BlackElo "2506"]
[Annotator "RC"]
[PlyCount "102"]
[EventDate "2018.08.06"]
[EventType "swiss"]
[EventCountry "GRE"]
[SourceTitle "playchess.com"]
[Source "ChessBase"]
[SourceQuality "1"]
[TimeControl "40/5400+30:900+30"]

1. d4 {[%emt 0:00:02]} d5 {[%emt 0:05:07]} 2. c4 {[%emt 0:00:21]} c6 {[%emt 0:00:07]} 3. Nf3 {[%emt 0:00:04]} Nf6 {[%emt 0:00:06]} 4. Nc3 {[%emt 0:00:14]} a6 {[%emt 0:00:06]} 5. e3 {[%emt 0:00:55]} Bf5 {[%emt 0:01:23]} 6. Be2 {[%emt 0:02:09]} e6 {[%emt 0:00:50]} 7. Nh4 {[%emt 0:03:47]} Bg6 {[%emt 0:00:08]} 8. Nxg6 {[%emt 0:05:38]} hxg6 {[%emt 0:00:09]} 9. Qc2 {[%emt 0:00:16]} Nbd7 {[%emt 0:02:33]} 10. b3 {[%emt 0:04:05]} Bb4 {[%emt 0:12:10]} 11. Bd2 {[%emt 0:11:08]} Qe7 {[%emt 0:05:36]} 12. f3 {[%emt 0:19:22]} e5 {[%emt 0:06:02]} 13. c5 {[%emt 0:12:10]} O-O {[%emt 0:02:14]} 14. O-O {[%emt 0:02:11]} exd4 {[%emt 0:03:41]} 15. exd4 {[%emt 0:00:03]} Nxc5 {[%emt 0:00:55]} 16. Nxd5 {[%emt 0:04:59]} Nxd5 {[%emt 0:05:44]} 17. Bxb4 {[%emt 0:00:04]} Qe3+ {[%emt 0:00:43]} 18. Kh1 {[%emt 0:00:34]} Nxb3 {[%emt 0:00:49]} 19. axb3 {[%emt 0:03:51]} Nxb4 {[%emt 0:00:09]} 20. Qc5 {[%emt 0:00:06]} Qxe2 {[%emt 0:12:03]} 21. Qxb4 {[%emt 0:00:03]} Qb5 {[%emt 0:00:09]} 22. Qc3 {[%emt 0:00:04]} Rfe8 {[%emt 0:00:50]} 23. h3 {[%emt 0:02:10]} Rad8 {[%emt 0:02:38]} 24. Rfd1 {[%emt 0:00:23]} Qg5 {[%emt 0:01:41]} 25. Re1 {[%emt 0:01:48]} Qf4 {[%emt 0:04:53]} 26. Qb4 {[%emt 0:01:35]} Qc7 {[%emt 0:03:04]} 27. Qc5 {[%emt 0:08:06]} Qd7 {[%emt 0:00:43]} 28. Qb4 {[%emt 0:00:19]} Kh7 {[%emt 0:03:01]} 29. Rad1 {[%emt 0:03:32]} f6 {[%emt 0:02:28]} 30. Re4 {[%emt 0:01:58]} Qf7 {[%emt 0:03:30]} 31. Rde1 {[%emt 0:01:37]} Rxe4 {[%emt 0:00:04]} 32. fxe4 {[%emt 0:01:09]} Rd7 {[%emt 0:00:12]} 33. e5 {[%emt 0:01:32]} Qe6 {[%emt 0:00:48]} 34. Qc3 {[%emt 0:04:03]} a5 {[%emt 0:02:57]} 35. Re4 {[%emt 0:04:14]} Rd5 {[%emt 0:02:48]} 36. Rh4+ {[%emt 0:02:19]} Kg8 {[%emt 0:00:02]} 37. exf6 {[%emt 0:00:19]} Qxf6 {[%emt 0:01:37]} 38. Rg4 {[%emt 0:00:29]} Rf5 {[%emt 0:01:13]} 39. Qg3 {[%emt 0:00:38]} g5 {[%emt 0:00:39]} 40. Re4 {[%emt 0:00:00]} Rf4 {[%emt 0:00:00]} 41. Re5 {[%emt 0:04:19]} b5 {[%emt 0:11:57]} 42. Rxg5 {[%emt 0:02:08]} Rf1+ {[%emt 0:00:38]} 43. Kh2 {[%emt 0:00:04]} Qxd4 {[%emt 0:00:19]} 44. h4 {[%emt 0:02:07]} Qf6 {[%emt 0:06:48]} 45. Qb8+ {[%emt 0:07:18]} Qf8 {[%emt 0:00:02]} 46. Qg3 {[%emt 0:00:09]} Rf5 {[%emt 0:00:14]} 47. Rg4 {[%emt 0:00:35]} Qe7 {[%emt 0:02:04]} 48. Qd3 {[%emt 0:02:12]} Rd5 {[%emt 0:01:23]} 49. Qf3 {[%emt 0:00:26]} Qe5+ {[%emt 0:01:00]} 50. Rg3 {[%emt 0:01:21]} Rd4 {[%emt 0:00:06]} 51. Kg1 {[%emt 0:00:38]} Rxh4 {[%emt 0:02:02]} 0-1

[Event "27th Kavala Open 2018"]
[Site "Kavala"]
[Date "2018.08.11"]
[Round "9"]
[White "Iljin, Artem"]
[Black "Bulmaga, Irina"]
[Result "1/2-1/2"]
[WhiteElo "2520"]
[BlackElo "2401"]
[Annotator "TA"]
[PlyCount "96"]
[EventDate "2018.08.06"]
[EventType "swiss"]
[EventCountry "GRE"]
[SourceTitle "playchess.com"]
[Source "ChessBase"]
[SourceQuality "1"]

{[%evp 26,96,0,0,24,18,11,14,59,28,66,66,66,66,252,260,245,125,129,0,0,0,0,-147,0,-77,0,-6,-35,-87,-67,-117,-27,-45,0,-186,405,-64,-85,-162,0,0,0,0,0,0,0,0,0,-8,0,0,0,0,0,0,0,0,0,0,0,0,0,0,0,0,0,0,0,0,0,0,0]} 1. Nf3 Nf6 2. c4 e6 3. g3 d5 4. b3 Be7 5. Bg2 O-O 6. O-O b6 7. Bb2 Bb7 8. e3 dxc4 9. bxc4 c5 10. Qe2 Nc6 11. Nc3 Qc7 12. Ne1 {A14: English Opening: 1...e6 with b3 by White} (12. Rac1 Rfd8 13. Rfd1 Na5 14. Ne1 Bxg2 15. Nxg2 Qb7 16. f4 a6 17. Ba1 Ne4 18. Nxe4 Qxe4 19. d3 Qg6 {0-1 (47) Caruana,F (2807)-Aronian,L (2799) Saint Louis 2017}) 12... Rfd8 13. f4 a6 14. g4 {LiveBook: 3 Games} Rab8 15. g5 Ne8 16. Rf3 $146 ({Predecessor:} 16. Ne4 b5 17. Rf3 bxc4 18. Rh3 g6 19. Qg4 {½-½ (37) Carlier,B (2418)-Hoffmann,M (2452) Netherlands 2000}) 16... Na5 17. Rh3 Bxg2 18. Nxg2 {Black must now prevent Qh5.} g6 $1 19. Ne4 Nc6 $2 (19... Qc6 $14 20. Qf3 Ng7) 20. Qf3 {Threatens to win with Rxh7!} h5 21. gxh6 (21. Rxh5 $1 $18 gxh5 22. Qxh5) 21... Kh7 $16 22. Ng5+ (22. Be5 $16 Nd6 23. Bxd6 Bxd6 24. Ng5+ Kh8 25. Rf1) 22... Bxg5 $1 $11 23. fxg5 Rxd2 24. Bg7 {[#]} (24. Bc3 $11 {keeps the balance.} Rc2 25. Rf1 Rxc3 26. Qxf7+ Qxf7 27. Rxf7+ Kh8 28. Rf8+ Kh7 29. Rf7+ Kh8 30. Rf8+ Kh7 31. Rf7+) 24... Rbd8 (24... e5 $142 $1 25. Rf1 Nd6) 25. Rf1 $1 $17 {Black should prevent Bc3.} R8d7 ({Black should try} 25... Rxa2 $17 26. Ne1 Rd7) 26. Nf4 Qd6 27. Bc3 (27. Bf8 $15 Ne5 28. Qe4 Qxf8 29. Qxe5) 27... Rd1 28. Qe2 Ne7 (28... b5 $17) 29. Rhf3 $11 {Hoping for Qxd1.} Nf5 30. R3f2 $2 {[#]} (30. e4 $11 {and White stays safe.} Rxf1+ 31. Rxf1) 30... Nc7 $4 {[%mdl 8192]} (30... Rxf1+ $1 $19 {and all is fine.} 31. Rxf1 Qe7) 31. Rxd1 $2 (31. e4 $18) 31... Qxd1+ $15 32. Kg2 (32. Rf1 $17 {is a better defense.} Qxe2 33. Nxe2) 32... b5 $2 (32... Qc1 $19 33. e4 Ne3+ 34. Kf3 Qxc3 35. Qxe3 Qxc4) 33. e4 $11 {The position is equal.} Qxe2 34. Rxe2 Nd4 35. Bxd4 Rxd4 36. cxb5 axb5 {[%mdl 4096] Endgame KRN-KRN} 37. Kf3 e5 {[#]} 38. Nd5 $1 {[%cal Rd5c7][%mdl 512]} Nxd5 39. exd5 {KR-KR} c4 40. Rxe5 c3 41. d6 c2 42. Rc5 Rc4 43. Rxc4 bxc4 {KP-KP} 44. d7 c1=Q {( -> ...Qd1+)} 45. d8=Q Qf1+ 46. Ke3 Qe1+ 47. Kf3 Qf1+ 48. Ke3 Qe1+ {Precision: White = 47%, Black = 50%.} 1/2-1/2

[Event "27th Kavala Open 2018"]
[Site "Kavala"]
[Date "2018.08.11"]
[Round "9"]
[White "Dimitrov, Radoslav"]
[Black "Ni, Shiqun"]
[Result "1-0"]
[WhiteElo "2518"]
[BlackElo "2436"]
[Annotator "ChessBase"]
[PlyCount "93"]
[EventDate "2018.08.06"]
[EventType "swiss"]
[EventCountry "GRE"]
[SourceTitle "playchess.com"]
[Source "ChessBase"]
[SourceQuality "1"]
[TimeControl "40/5400+30:900+30"]

1. d4 d5 {[%emt 0:04:38]} 2. Nf3 {[%emt 0:00:11]} Bf5 {[%emt 0:04:41]} 3. c4 {[%emt 0:02:49]} e6 {[%emt 0:00:09]} 4. Nc3 {[%emt 0:00:32]} c6 {[%emt 0:00:18]} 5. Qb3 {[%emt 0:01:38]} Qb6 {[%emt 0:04:13]} 6. c5 {[%emt 0:00:14]} Qc7 {[%emt 0:05:00]} 7. Bf4 {[%emt 0:00:28]} Qc8 {[%emt 0:00:00]} 8. e3 {[%emt 0:00:27]} Be7 {[%emt 0:02:15]} 9. Be2 {[%emt 0:00:11]} Nd7 {[%emt 0:03:06]} 10. O-O {[%emt 0:02:01]} Ngf6 {[%emt 0:01:38]} 11. h3 {[%emt 0:06:20]} Ne4 {[%emt 0:01:56]} 12. Nxe4 {[%emt 0:00:40]} Bxe4 {[%emt 0:00:02]} 13. Qc3 {[%emt 0:01:35]} O-O {[%emt 0:06:45]} 14. b4 {[%emt 0:00:09]} b6 {[%emt 0:16:54]} 15. Ne5 {[%emt 0:08:02]} bxc5 {[%emt 0:05:16]} 16. bxc5 {[%emt 0:00:25]} Nxe5 {[%emt 0:00:06]} 17. Bxe5 {[%emt 0:00:06]} Bd8 {[%emt 0:00:12]} 18. Bd3 {[%emt 0:07:53]} Bc7 {[%emt 0:10:20]} 19. Bxe4 {[%emt 0:01:18]} dxe4 {[%emt 0:00:06]} 20. Bxc7 {[%emt 0:01:30]} Qxc7 {[%emt 0:00:01]} 21. Qc2 {[%emt 0:00:18]} f5 {[%emt 0:02:30]} 22. Rab1 {[%emt 0:02:51]} Rac8 {[%emt 0:06:46]} 23. Rb4 {[%emt 0:03:30]} Qe7 {[%emt 0:07:46]} 24. Rfb1 {[%emt 0:00:29]} Rc7 {[%emt 0:00:03]} 25. Qb3 {[%emt 0:09:24]} Kf7 {[%emt 0:01:11]} 26. Rb8 {[%emt 0:01:33]} Rxb8 {[%emt 0:03:47]} 27. Qxb8 {[%emt 0:00:03]} Kg6 {[%emt 0:09:07]} 28. a4 {[%emt 0:07:13]} e5 {[%emt 0:00:26]} 29. dxe5 {[%emt 0:00:37]} Qxe5 {[%emt 0:00:24]} 30. Rd1 {[%emt 0:00:59]} Re7 {[%emt 0:01:41]} 31. Rd6+ {[%emt 0:07:03]} Kf7 {[%emt 0:00:18]} 32. Qb3+ {[%emt 0:00:18]} Kf8 {[%emt 0:01:23]} 33. Rxc6 {[%emt 0:00:19]} Qa1+ {[%emt 0:02:58]} 34. Kh2 {[%emt 0:00:03]} Qe5+ {[%emt 0:00:01]} 35. g3 {[%emt 0:00:12]} g6 {[%emt 0:01:00]} 36. Rc8+ {[%emt 0:00:41]} Kg7 {[%emt 0:00:20]} 37. c6 {[%emt 0:01:30]} Kh6 {[%emt 0:00:18]} 38. Rd8 {[%emt 0:04:45]} Qc7 {[%emt 0:00:54]} 39. Qd5 {[%emt 0:00:49]} Re5 {[%emt 0:00:23]} 40. Qd4 {[%emt 0:00:00]} Re6 {[%emt 0:00:00]} 41. Rd7 {[%emt 0:01:11]} Qe5 {[%emt 0:04:38]} 42. c7 {[%emt 0:02:49]} Qxd4 {[%emt 0:03:38]} 43. exd4 {[%emt 0:00:30]} Rc6 {[%emt 0:01:17]} 44. d5 {[%emt 0:00:41]} Rc2 {[%emt 0:00:17]} 45. Kg1 {[%emt 0:00:01]} Rc1+ {[%emt 0:00:52]} 46. Kg2 {[%emt 0:00:06]} Rc2 {[%emt 0:00:02]} 47. Kf1 {[%emt 0:00:17]} 1-0